Lágrimas de ángeles : (Registro nro. 13464)

Detalles MARC
000 -LIDER
fixed length control field 01006cam a22003373a 4500
001 - NÚMERO DE CONTROL
Identificador de número de control
003 - IDENTIFICACDOR DE NÚMERO DE CONTROL
control field DO-SdBNP
005 - DATE AND TIME OF LATEST TRANSACTION
control field 20220330083702.0
007 - CAMPOS FIJOS DE DESCRIPCIÓN FÍSICA
fixed length control field 0000742
008 - ELEMENTOS DE LONGITUD FIJA
fixed length control field 861112 2021 dr a 000 0 spa d
010 ## - NUMERO DE CONTROL DE BIBLIOTECA DEL CONGRESO
LC control number
020 ## - ISBN
International Standard Book Number 9789587434668
040 ## - FUENTE DE CATALOGACIÓN
Agencia que crea de manera original el registro BPMSU
Agencia que realiza la transcripción spa
Agencia que realiza la modificación BPMSU
--
082 ## - NÚMERO DE CLASIFICACIÓN DECIMAL DE DEWEY
Classification number E863
Item number I91L 2021
Edition number 22
100 1# - ASIENTO PRINCIPAL -- NOMBRE PERSONAL
Nombre personal Iturralde, Edna
Fechas asociadas con el nombre 1948-
245 10 - MENCIÓN DE TITULO
Título Lágrimas de ángeles :
Subtítulo una historia de los niños de la calle /
Mención de responsabilidad Edna Iturralde ; ilustraciones Carlos Manuel Díaz
250 ## - MENCIÓN DE EDICION
Mención de edición 7a. reimpr. 2011.
260 ## - PUBLICACIÓN, DISTRIBUCIÓN, ETC. (PIE DE IMPRENTA)
Lugar de publicación, distribución, etc Bogotá, Colombia :
Nombre del editor, distribuidor, etc. Santillana,
Fecha de publicación, distribución, etc 2007
300 ## - DESCRIPCIÓN FÍSICA
Extensión 162 p. :
Otros detalles físicos il.;
Dimensiones 20 cm.
490 0# - MENCIÓN DE SERIES
Mención de serie Santilla
500 ## - NOTA GENERAL
Nota general Incluye datos biográficos de la autora.
590 ## - NOTA LOCAL
Enlace Inventariado, 2022/VM
600 00 - ENCABEZAMIENTO DE MATERIA--NOMBRE PERSONAL
Nombre personal
Subdivisión temática general
650 #4 - ENCABEZAMIENTO DE MATERIA--TEMÁTICO
Término temático o nombre geográfico como elemento de entrada Novela ecuatoriana
650 #4 - ENCABEZAMIENTO DE MATERIA--TEMÁTICO
Término temático o nombre geográfico como elemento de entrada Literatura juvenil ecuatoriana
700 12 - ASIENTO SECUNDARIO -- NOMBRE PERSONAL
Nombre personal Díaz Consuegra, C. M.
Mención de responsabilidad il.
830 #0 - ASIENTO SECUNDARIO DE SERIE--TÍTULO UNIFORME
Título uniforme Alfaguara juvenil
942 ## - ADDED ENTRY ELEMENTS (KOHA)
Source of classification or shelving scheme Dewey Decimal Classification
Koha item type Libros
945 ## - INFORMACIÓN DE PROCESAMIENTO LOCAL
Información de procesamiento local Inventariado, 2021/MC
956 ## - LOCAL ELECTRONIC LOCATION AND ACCESS (OCLC)
Información de compresión BPMSU
Existencias
Withdrawn status Lost status Source of classification or shelving scheme Damaged status Not for loan Collection code Home library Current library Date acquired Full call number Barcode Date last seen Price effective from Koha item type
    Dewey Decimal Classification     Colección Juvenil General Biblioteca Pública Metropolitana Salomé Ureña Biblioteca Pública Metropolitana Salomé Ureña 03/30/2022 BPMSU CG E863 I91L 2021 BPMSU22030125 03/30/2022 03/30/2022 Libros